| 000 | 01377cam a22003617a 4500 | ||
|---|---|---|---|
| 999 |
_c234157 _d234157 |
||
| 001 | 16166301 | ||
| 003 | Nust | ||
| 005 | 20170314154244.0 | ||
| 008 | 100313s2010 ii ab b 001 0 eng d | ||
| 010 | _a 2010319187 | ||
| 020 | _a9788170356394 | ||
| 020 | _a8170356393 | ||
| 025 | _aI-E-2010-319187; 38 | ||
| 035 | _a(OCoLC)ocn562576362 | ||
| 035 | _a(OCoLC)562576362 | ||
| 037 |
_aLibrary of Congress -- New Delhi Overseas Office _cRs1600.00 |
||
| 040 |
_aDKAGE _beng _cASAB _dDLC |
||
| 042 |
_alccopycat _alcode |
||
| 043 | _aa-ii--- | ||
| 050 | 0 | 0 |
_aSH107 _b.R39 2010 |
| 082 | 0 | 4 |
_a639.8095414 _222 |
| 100 | 1 |
_aRay, P. _q(Parimal), _d1922- |
|
| 245 | 1 | 0 |
_aBiodiversity reserve : _ba goldmine for aquaculture / _cP. Ray. |
| 260 |
_aDelhi : _bDaya Pub. House, _c2010. |
||
| 300 |
_axvi, 396 p. : _bill., maps ; _c25 cm. |
||
| 504 | _aIncludes bibliographical references (p. [379]-383) and index. | ||
| 505 | 0 | _asection 1. Culture fishery -- section 2. Capture fishery -- section 3. The Sundarban delta -- section 4. Past and present of Sundarban delta. | |
| 650 | 0 |
_aFish culture _zIndia _zWest Bengal. |
|
| 650 | 0 |
_aFisheries _zIndia _zWest Bengal. |
|
| 650 | 0 |
_aAquaculture _zIndia _zWest Bengal. |
|
| 906 |
_a7 _bcbc _ccopycat _d3 _encip _f20 _gy-gencatlg |
||
| 942 |
_2ddc _cBK |
||